Cielo azul /

El color que nos devuelven las cosas se debe al comportamiento de la luz al reflejarse en ellas. ¿En el caso del cielo, ¿por qué las moléculas de aire reflejan mayormente el azul?

Guardado en:
Autor Corporativo: Canal Encuentro.
Formato: Deslizar
Publicado: Argentina, 2013.
Series:Cielo azul
Materias:
LUZ
Acceso en línea:https://www.educ.ar/recursos/122833/cielo-azul
Etiquetas: Agregar Etiqueta
Sin Etiquetas, Sea el primero en etiquetar este registro!
LEADER 01002ngm a22003015g 4500
001 CEM.cems024104
008 130507s2013##################0###0#####d
005 20250819162132.0
245 0 0 |a Cielo azul /  |c Canal Encuentro. 
260 |a Argentina,  |c 2013. 
300 |a 5'. 
490 0 |a Cielo azul 
520 |a El color que nos devuelven las cosas se debe al comportamiento de la luz al reflejarse en ellas. ¿En el caso del cielo, ¿por qué las moléculas de aire reflejan mayormente el azul? 
538 |a Soporte: DVD - Grabación DRD 
500 |a Consultar en ventanilla. 
110 2 |a Canal Encuentro. 
082 5 3 |/ ENC 
653 |a FÍSICA 
653 |a CIENCIA 
653 |a LUZ 
653 |a LONGITUD DE ONDA 
653 |a COLORES 
653 |a VELOCIDAD DE LA LUZ 
653 |a RAYLEIGH 
653 |a SERIE DE TELEVISIÓN 
653 |a CORTO 
856 |u https://www.educ.ar/recursos/122833/cielo-azul 
859 |a CEMS  |b BIB. CEMS - Depto. Recursos Didacticos  |h 530  |i ENC  |k DRD  |p 2747.19  |t Ej.1